| 000 | 00754nam a2200277Ia 4500 | ||
|---|---|---|---|
| 003 | OSt | ||
| 005 | 20221006160308.0 | ||
| 006 | a|||||r|||| 00| 0 | ||
| 007 | ta | ||
| 008 | 221006b |||||||| |||| 00| 0 eng d | ||
| 020 |
_a9788976998736 _cW17,000 (each) |
||
| 024 | _a44,859 | ||
| 037 |
_bGift, Koren Embassy _cTextual |
||
| 040 |
_aEASL _cEASL _beng |
||
| 041 |
_2eng _aeng |
||
| 082 | _aP495, Q3. | ||
| 100 |
_aLee Sunmi _9672828 |
||
| 245 | 0 | _aNo lea ro bea wo nun han guk a | |
| 260 |
_aSeoul _bHawoo Korea _c2012 |
||
| 300 |
_a272p.(each) CD - 2 _ccm. |
||
| 490 | _v KL | ||
| 500 | _aAccompanying CD - 2 | ||
| 650 | _aKL | ||
| 942 |
_hP495, Q3. _cTEXL _2CC |
||
| 999 |
_c1112951 _d1112951 |
||